000 00367 a2200109 4500
001 ART_10984
005 20260410161849.0
008 260409a
245 1 0 _aLa incidencia de la imposición indirecta en un enfoque de equilibrio parcial
100 1 _aPiffano, Horacio L. P.
773 0 _tEconómica
_g- Año XXIX, Nº 2/3 (may./dic. 1983)
_wREV7541
999 _c24827
_d24827